000 00850nam a2200253 a 4500
008 951027s1989||||[C 0 slo c
020 _a8822200840
_c33 Kčs.
_q(4000 výtl.)
040 _aSNK
_bslo
_cSNK
_eAACR2
041 1 _aslo
_hrus
044 _axo
_cSK
080 _a882-3
100 1 _aDostojevskij, Fědor Michajlovič
_4aut
245 1 0 _aIdiot
_cFědor Michajlovič Dostojevskij ; Felix Kostolanský, Hana Kostolanská, Ján Majerník, Andrej Červeňák, Čestmír Pechr
250 _a1., vyd.
260 _aBratislava
_bTatran
_c1989
_eBratislava
_fSvornosť
300 _a672 s., 37,76 AH
_c20 cm
490 0 _aPamír
_vZv. 60.
700 1 _aKostolanský, Felix
_4trl
700 1 _aKostolanská, Hana
_4trl
700 1 _aMajerník, Ján
_4trl
700 1 _aČerveňák, Andrej
_4[ADC]
700 1 _aPechr, Čestmír
_4bkd
958 _aA
999 _c10470
_d10470